02186nam a2200289uu 4500001000800000005001700008007001000025008004100035035001200076040001300088041000800101080000800109100005500117245009900172260004300271300001800314520119000332650004401522650004001566700005001606700005301656942001001709999001901719502001201738526000801750952013801758111440220260507085349.0cr|||||||081119s2008 spa  a1114402 ccomduadb aspa aPBI10aLópez Ramírez, Erika Natalia4auteaut955671410aDocumentación del sistema de gestión de la calidad en la Empresa laboratorios M.E.B. Ltda. aMedellín :b[sin publicador],c2008. a114 páginas3 aEste trabajo se desarrolló primordialmente en la conciencia que posee la Gerencia de la Empresa Laboratorios M.E.B Ltda., sobre la importancia que tiene la calidad de los servicios para el área de la salud y para lograr éste propósito, la lata dirección asume el diseño, desarrollo e implantación del SGC bajo la norma NTC ISO 9001:2000, pensando en la satisfacción del cliente y en la responsabilidad que implica realizar el mantenimiento para equipos biomédicos. En la actualidad las empresas de todos los campos y sectores están viendo la necesidad de enfocarse en políticas de calidad, para asegurar a sus clientes productos y servicios que cumplen con estándares internacionales de calidad; producir mejoras notorias a nivel interno y ser reconocidas y posicionarse dentro del mercado al cual pertenece. De esta forma se genera el "boom" de las Normas ISO familia 9000. A continuación se encuentra una descripción de las actividades desarrolladas y los resultados obtenidos durante el desarrollo del semestre de práctica profesional, los cuales permitirán a la empresa, continuar con la implementación del Sistema de Gestión de la Calidad.(SGC) aSistema de gestión de calidad9104183 aDocumentación de procesos916095610aOtálvaro Mesa, John Jairo4thseths945923310aÁlvarez Vélez, Luis Carlos4thseths9569032 cTESIS c480232d480232 b168c17 a170 001040708TESELECaCENDIbCENDId2008-11-19iC1025820l0oPBI 04808r2023-04-28 00:00:00t1w2023-04-28yINTERzAcceso restringido.